000 00733nam a2200229 a 4500
999 _c11305
_d11305
001 11305
003 BD-JhCC
005 20190824100018.0
008 190624s 2017bg a|||| ||a| 000 0 ben d
020 _a9789849240327
035 _a(BD-JhCC)11305
040 _aBD-JhCC
_dBD-JhCC
041 _aben
082 _a891.4435
_bHOS 2017
100 _aহোসেন, সেলিনা
245 _aহোজ্জার ছোট্ট পুতুল /
_cসেলিনা হোসেন ।
260 _aঢাকা:
_bপ্রথমা প্রকাশন;
_c২০১৭.
300 _a৮২ পৃ. :
_bill;
_c২৬ সেমি.
650 _aShorts Story, Bengali
942 _2ddc
_cBK